00367pab a2200121 454500008004000000100001900040245008800059260000900147300001400156362001100170650002200181773004200203180718b2009 xxu||||| |||| 00| 0 eng d aRieu, Dong-Min aInterpretations of Marxian value theory in terms of the fundamental Marxian theorem c2009 ap.216-26. aSpring aMarxian economics aReview of Radical Political Economics